Najbardziej dochodowe filmy w historii - Statystyki

Ogólne statystyki
  • Ten quiz został rozwiązany 899 razy
  • Średni wynik to 6 z 10
Statystyki odpowiedzi
Hint Odpowiedź % Poprawnych
Film oparty na największej katastrofie morskiej XXw. (rok premiery: 1997) Titanic
95%
Film fantastyczno-naukowy w reżyserii Jamesa Camerona (rok premiery: 2009) Avatar
80%
Film na podstawie popularnej serii komiksów (rok premiery: 2012) Avengers
79%
Główny bohater filmu, zmarł w wypadku samochodowym (rok premiery: 2015) Szybcy i wściekli 7
57%
Film na podstawie popularnej serii komiksów (rok premiery: 2019) Avengers: koniec gry
55%
Kontynuacja Parku Jurajskiego (rok premiery: 2015) Jurassic World
53%
Remake filmu animowanego (rok premiery: 2019) Król Lew
44%
Film na podstawie popularnej serii komiksów (rok premiery: 2018) Avengers: Wojna bez granic
42%
Film reżyserii J.J Abramsa (rok premiery: 2015) Gwiezdne wojny: Przebudzenie Mocy
37%
Film na podstawie popularnej serii komiksów (rok premiery: 2015) Avengers: Czas Ultrona
34%
Nie znaleziono quizów pasujących do podanych kryteriów
Rozkład punktacji
Procent ludzi z każdym wynikiem
Percentyl według liczby udzielonych odpowiedzi
Twoja historia wyników
Nie rozwiązałeś tego quizu